Podoby chudoby v súčasnosti a možnosti riešenia etnickej chudoby
Gespeichert in:
| 1. Verfasser: | |
|---|---|
| Weitere Verfasser: | , |
| Format: | Buchkapitel |
| Sprache: | Slowakisch |
| Tags: |
Keine Tags, Fügen Sie das erste Tag hinzu!
|
MARC
| LEADER | 00000naa$a2200000$$$4500 | ||
|---|---|---|---|
| 001 | 0144823 | ||
| 005 | 20240502072610.5 | ||
| 041 | 0 | |a slo | |
| 044 | |a SK | ||
| 245 | 1 | 0 | |a Podoby chudoby v súčasnosti a možnosti riešenia etnickej chudoby |c Lýdia Lešková, Alena Bašistová, Eva Krajňáková |
| 100 | 1 | |a Lešková, Lýdia | |
| 700 | 1 | |a Bašistová, Alena | |
| 700 | 1 | |a Krajňáková, Eva | |